Narrative of the life of Frederick Douglass /

Perhaps the most powerful and influential black American of his time, Frederick Douglass, embodied the tumultuous social changes that transformed the United States during the nineteenth century. In a career of unprecedented breadth, Douglass rose from the oppression of his slave's birth to fame...

Full description

Bibliographic Details
Main Author: Douglass, Frederick, 1818-1895 (Author)
Format: Book
Language:English
Published: Mineola, New York : Dover Publications, Incorporated, 1995.
Edition:Dover thrift editions.
Series:Dover thrift editions.
Subjects:
Online Access:Publisher description

MARC

Tag First Indicator Second Indicator Subfields
LEADER 00000cam a2200000 i 4500
001 in00004814021
008 941108t19951995nyu 000 0aeng
005 20240808150350.1
010 |a  94041994  
035 |a (OCoLC)ocm31606505  
040 |a DLC  |b eng  |e rda  |c DLC  |d UKM  |d GZM  |d BAKER  |d BTCTA  |d OUB  |d YDXCP  |d CTB  |d UKBCI  |d BDX  |d UKMGB  |d TXMLI  |d UKSOM  |d OCLCA  |d P4I  |d OCLCF  |d OCLCO  |d OCLCQ  |d AW3  |d OCLCO  |d YBM  |d WVT  |d TY7  |d AL5OZ  |d OCLCQ  |d OCLCO  |d BRL  |d BNC  |d JDP  |d OCLCO  |d OCLCA  |d OCL  |d XFF  |d OCL  |d OCLCO  |d OCLCA  |d OCLCQ  |d OCLCO  |d CNTCS  |d DWP  |d OCL  |d OCLCO  |d GOU  |d VVB  |d ZQC  |d OCLCO  |d FTB  |d OCLCO  |d OCLCL  |d OCLCQ  |d OCLCL  |d OCLCQ 
015 |a GB9590649  |2 bnb 
016 7 |a 008078854  |2 Uk 
019 |a 33862716  |a 55224903  |a 796954815  |a 810711315  |a 1001252246  |a 1001484749  |a 1200984649  |a 1201006502  |a 1201568023  |a 1201629833  |a 1201808713  |a 1201836671  |a 1201911188  |a 1202018811  |a 1202022024 
020 |a 9780486284996  |q paperback 
020 |a 0486284999  |q paperback 
020 |z 9781417688654  |q Turtleback Books 
020 |z 1417688653  |q Turtleback Books 
029 1 |a AU@  |b 000011314695 
029 1 |a UKMDD  |b 0486284999 
035 |a (OCoLC)31606505  |z (OCoLC)33862716  |z (OCoLC)55224903  |z (OCoLC)796954815  |z (OCoLC)810711315  |z (OCoLC)1001252246  |z (OCoLC)1001484749  |z (OCoLC)1200984649  |z (OCoLC)1201006502  |z (OCoLC)1201568023  |z (OCoLC)1201629833  |z (OCoLC)1201808713  |z (OCoLC)1201836671  |z (OCoLC)1201911188  |z (OCoLC)1202018811  |z (OCoLC)1202022024 
043 |a n-us--- 
050 0 0 |a E449  |b .D749 1995 
060 4 |a B D737d 
082 0 0 |a 973.8/092  |2 20 
049 |a MAIN 
100 1 |a Douglass, Frederick,  |d 1818-1895,  |e author.  |1 https://id.oclc.org/worldcat/entity/E39PBJghtDHmpRrTjPmQVHYVmd  |0 http://id.loc.gov/authorities/names/n80013236 
240 1 0 |a Narrative of the life of Frederick Douglass, an American slave 
245 1 0 |a Narrative of the life of Frederick Douglass /  |c Frederick Douglass. 
250 |a Dover thrift editions. 
264 1 |a Mineola, New York :  |b Dover Publications, Incorporated,  |c 1995. 
264 4 |c ©1995 
300 |a xvii, 76 pages ;  |c 21 cm. 
336 |a text  |b txt  |2 rdacontent 
337 |a unmediated  |b n  |2 rdamedia 
338 |a volume  |b nc  |2 rdacarrier 
490 1 |a Dover thrift editions 
500 |a Originally published: Narrative of the life of Frederick Douglass, an American slave. Boston : Anti-Slavery Office, 1845. 
520 |a Perhaps the most powerful and influential black American of his time, Frederick Douglass, embodied the tumultuous social changes that transformed the United States during the nineteenth century. In a career of unprecedented breadth, Douglass rose from the oppression of his slave's birth to fame as an abolitionist. 
526 0 |a Accelerated Reader  |b Upper Grades (UG 9-12)  |c 7.9  |d 7.0  |z AR Quiz No. 76092. 
590 |b TAG Physical Holdings 2 
600 1 0 |a Douglass, Frederick,  |d 1818-1895. 
600 1 7 |a Douglass, Frederick,  |d 1818-1895  |2 fast  |1 https://id.oclc.org/worldcat/entity/E39PBJghtDHmpRrTjPmQVHYVmd 
650 0 |a Abolitionists  |z United States  |v Biography. 
650 0 |a African American abolitionists  |v Biography. 
650 1 |a Abolitionists.  |z United States  |v Biography. 
650 1 |a African American abolitionists.  |v Biography. 
650 1 |a Slavery.  |x Abolition. 
650 6 |a Abolitionnistes  |z États-Unis  |v Biographies. 
650 6 |a Abolitionnistes noirs américains  |v Biographies. 
650 7 |a Abolitionists  |2 fast 
650 7 |a African American abolitionists  |2 fast 
651 7 |a United States  |2 fast  |1 https://id.oclc.org/worldcat/entity/E39PBJtxgQXMWqmjMjjwXRHgrq 
650 7 |a Abolitionists  |x Biography.  |2 sears 
653 0 |a Slavery  |a Abolition 
653 0 |a United States 
655 2 |a Autobiography 
655 7 |a autobiographies (literary works)  |2 aat 
655 7 |a Autobiographies  |2 fast 
655 7 |a Biographies  |2 fast 
655 7 |a Autobiographies.  |2 lcgft  |0 http://id.loc.gov/authorities/genreForms/gf2014026047 
655 7 |a Autobiographies.  |2 rvmgf 
830 0 |a Dover thrift editions.  |0 http://id.loc.gov/authorities/names/n88502738 
856 4 2 |3 Publisher description  |u http://catdir.loc.gov/catdir/enhancements/fy0704/94041994-d.html  |z Publisher description  |t 0 
938 |a Baker & Taylor  |b BKTY  |c 1.50  |d 1.13  |i 0486284999  |n 0002594015  |s active 
938 |a Baker & Taylor  |b BKTY  |c 9.45  |d .00  |i 141766553X  |n 0006697781  |s active 
938 |a Brodart  |b BROD  |n 47922516  |c $1.50 
938 |a Baker and Taylor  |b BTCP  |n 94041994 
938 |a YBP Library Services  |b YANK  |n 3992825 
994 |a 92  |b TAG 
852 0 |a TAG  |b TAGC  |c galv,stk  |h E449 .D749  |m 1995 
876 |c 3 USD  |h Cannot leave the library  |u 2_hour  |p 33620001296025  |x HIST 105  |v unmediated -- volume 
999 f f |s 81e2024a-e076-40c2-b48f-da645ceded22  |i d2a28caf-1a63-4f0e-b95d-c9d3aa065d35  |t 0 
952 f f |p normal  |a Texas A&M University  |b Galveston Campus  |c Jack K. Williams Library  |d Galveston Stacks  |t 0  |e E449 .D749 1995  |h Library of Congress classification  |i unmediated -- volume  |m 33620001296025 
998 f f |a E449 .D749 1995  |t 0  |l Galveston Stacks